منطق الطير / (Record no. 5657)

MARC details
000 -الفاتح
حقل البيانات ثابتة الطول 01237nac a22002051u 4500
008 - عناصر البيانات ثابتة الطول - معلومات عامة
حقل البيانات ثابتة الطول 110403s2006 ua|||||r|||| 001 0 ara d
020 ## - الرقم الدولى المعيارى للكتب
الرقم الدولى المعيارى للكتاب 9774191072
082 ## - رقم تصنيف ديوى العشرى
رقم التصنيف 264.6
رقم المادة ع ط ا
100 ## - المدخل الرئيسى - إسم شخصى
الإسم الشخصى فريد الدين العطار النيسابوري
9 (RLIN) 22750
الشكل الأكمل للاسم محمد بن أبي بكر ابراهيم بن أبي يعقوب إسحق العطار
245 ## - بيان العنوان
العنوان منطق الطير /
بيان المسئوليه,etc لفريد الدين العطار النيسابوري ؛ ترجمة وتقديم بديع محمد جمعة
250 ## - بيان الطبعة
بيان الطبعة ط4
260 ## - PUBLICATION, DISTRIBUTION, ETC. (IMPRINT)
مكان الناشر او الموزع القاهرة :
اسم الناشر او الموزع الهيئة المصرية العامة للكتاب ، 2006
تاريخ النشر أو التوزيع 2006
300 ## - الوصف المادى
التعداد 463 ص ؛
أبعاد الوعاء 24 سم
504 ## - تبصرة ببليوجرافية
تبصرة ببليوجرافية,الخ يشتمل على إرجاعات ببليوجرافية ص 447-450 وكشاف
650 ## - المدخل الاضافى بالموضوع-مصطلح موضوعى
مصطلح موضوعي أو اسم جغرافي كعنصر مدخل التصوف الإسلامي
9 (RLIN) 22751
التقسيم الفرعي العام مدرسة نيسابور
700 ## - المدخل الاضافى - اسم شخصى
الإسم الشخصى جمعة ، بديع محمد
9 (RLIN) 22752
942 ## - عناصر المدخل الإضافي( كوها)
Koha [default] item type Book - Borrowing
سابقة رقم الطلب 264.6 ع ط ا
مصدر التصنيف او مخطط الترفيف Dewey Decimal Classification
Holdings
حالة التراجع حالة الفقد مصدر التصنيف او خطة الترفيف حالة تلف ليس للاعارة مجموعات كوها المكان الدائم المكان الحالي موقع الترفيف تاريخ الاكتساب Source of acquisition رقم الاستدعاء الباركود Date last seen نوع الوعاء
    Dewey Decimal Classification     Alef-Baa Central Library Central Library Lower Floor 01/11/2007   264.6 ع ط ا 000007092 15/07/2025 Book - Borrowing
    Dewey Decimal Classification     Alef-Baa Central Library Central Library Lower Floor 03/04/2011   264.6 ع ط ا 000008404 15/07/2025 Book - Borrowing